000 00285nam a2200109 a 4500
005 20140513081057.0
008 071022s19uu xx 00 eng d
050 _aVCD
_bBo663 2005
245 _aBob the builder :
_bnaughty Spud.
260 _aPhils :
_bViva Video,
_c2005.
999 _c116584
_d116584